| 000 | 00771nam a22002417a 4500 | ||
|---|---|---|---|
| 999 |
_c33791 _d33791 |
||
| 001 | 3084 | ||
| 003 | CO-MdFUSB | ||
| 005 | 20180622073130.0 | ||
| 008 | 180502t19711976ve ||||| |||| 00| 0 spa d | ||
| 040 |
_aCO-MdFUSB _bspa _cCO-MdFUSB _dCO-MdFUSBC _erda |
||
| 041 | 0 |
_aspa _heng |
|
| 082 | 0 | 4 | _aG 228.4 L752a |
| 100 | 1 |
_aLindsey, Hal _eautor |
|
| 245 | 3 |
_aLa agonía del gran planeta tierra _c/ Hal Lindsey, C. C. Carlson ; Francisco Lievano, Traductor |
|
| 264 | 4 |
_aMaracaibo, Venezuela : _bLibertador, _c©1971,1976 |
|
| 300 | _a254 Pag | ||
| 336 |
_2rdacontent _atexto _btxt |
||
| 337 |
_2rdamedia _asin mediación _bn |
||
| 338 |
_2rdacarrier _avolumen _bnc |
||
| 500 | _aTítulo original : The late great planet earth | ||
| 653 | _aProfecías bíblicas | ||
| 942 | _cBK | ||